00724nam a2200181 a 450000500170000000800410001702000150005805000240007310000200009724500680011725000160018526000470020130000080024844000190025652002230027565000130049865000310051120140414132130.0130604s19uu xx 00 eng d a0328688193 aTR 372.4bF716 2011 aForesman, Scott aEnvision it! Visual skills handbook : Reading Street Grade 3.1. aStudent ed. aUnited States :bPearson Education,c2011. a577 aReading Street aAuthor's purpose, Cause and effect, Classify and categorize, Compare and contrast, Draw conclusions, Fact and opinion, Generalize, Main idea and details, Graphic sources, Literary elements, Sequence, Steps in a process aReading- aReading-study and teaching